000 00554nam a22001457a 4500
999 _c533614
_d533614
008 260608b ||||| |||| 00| 0 eng d
100 _aRanganathan, T.C.A.
_961066
245 _aEconomic development rarely a solo journey and never a straight line
260 _aThe Book Review
300 _a49(8), Aug, 2025: p.56-57
520 _aApostles of development: Six economists and the world they made by David C. Engelmann, Penguin/Viking 2025 560pp. Rs.1299.00. – Reproduced
773 _aThe Book Review
906 _aBOOK REVIEW
942 _cAR